[Event "17. European Women's Championship 2016"]
[Site "Mamaia ROU"]
[Date "2016.05.31"]
[Round "5.9"]
[White "Houska, Jovanka"]
[Black "Brunello, Marina"]
[Result "1/2-1/2"]
[WhiteElo "2383"]
[BlackElo "2336"]
[PlyCount "102"]
[EventDate "2016.05.27"]
[EventType "swiss"]
[EventRounds "11"]
[EventCountry "ROU"]
[Source "lmi"]
[SourceDate "2016.05.26"]

1. d4 d5 2. Nf3 Nf6 3. c4 e6 4. Nc3 c6 5. cxd5 exd5 6. Bg5 Be7 7. Qc2 Nbd7 8.
e3 O-O 9. Bd3 Re8 10. O-O Nf8 11. Bxf6 Bxf6 12. b4 Bg4 13. Nd2 Rc8 14. Bf5 Bxf5
15. Qxf5 Ne6 16. Nf3 Nc7 17. a4 a6 18. Rfc1 g6 19. Qd3 b5 20. Ne2 Na8 21. a5
Re6 22. Nf4 Rd6 23. Qc2 Qe8 24. Ra3 Nc7 25. Rc3 Ne6 26. Nd3 Bg7 27. g3 f6 28.
h4 Bf8 29. Qe2 Qd7 30. Kg2 Re8 31. h5 g5 32. Qc2 Rc8 33. Nh2 Ng7 34. Nc5 Qe8
35. h6 Ne6 36. Nxa6 Bxh6 37. Ng4 Bg7 38. Nc5 Nxc5 39. Rxc5 Qd7 40. Nh2 f5 41.
Nf3 Rg6 42. Rxb5 f4 43. Rb6 Rh6 44. Rh1 Rxh1 45. Kxh1 Qh3+ 46. Kg1 fxg3 47.
fxg3 Rf8 48. Qg2 Qe6 49. Qe2 Qh3 50. Qg2 Qe6 51. Qe2 Qh3 1/2-1/2

[Event "17. European Women's Championship 2016"]
[Site "Mamaia ROU"]
[Date "2016.05.31"]
[Round "5.10"]
[White "Foisor, Cristina-Adela"]
[Black "Vega Gutierrez, Sabrina"]
[Result "1-0"]
[WhiteElo "2322"]
[BlackElo "2375"]
[PlyCount "132"]
[EventDate "2016.05.27"]
[EventType "swiss"]
[EventRounds "11"]
[EventCountry "ROU"]
[Source "lmi"]
[SourceDate "2016.05.26"]

1. c4 e6 2. g3 d5 3. Bg2 Nf6 4. Nf3 Be7 5. O-O dxc4 6. Na3 Bxa3 7. bxa3 Nc6 8.
Bb2 O-O 9. Qc2 Re8 10. Qxc4 e5 11. Rfd1 Be6 12. Qh4 Nd7 13. Qxd8 Raxd8 14. Ng5
Bg4 15. Bd5 Bh5 16. f3 Ne7 17. Bb3 Nc5 18. Rac1 Nxb3 19. axb3 c6 20. b4 Bg6 21.
d3 Nd5 22. Kf2 Nb6 23. Ne4 Na4 24. Ba1 f6 25. h4 Bf5 26. g4 Bc8 27. g5 f5 28.
Nc5 Nxc5 29. bxc5 Re7 30. h5 f4 31. h6 g6 32. Rc4 Rd5 33. Rdc1 Bd7 34. Ra4 a6
35. Rb4 Bf5 36. Ke1 Kf7 37. Kd2 Bc8 38. Rc2 Ke6 39. Rb1 Kf5 40. Rg1 Be6 41. Rc4
Rd8 42. Rb4 Bd5 43. Bc3 Rdd7 44. Rg4 Rf7 45. Kc2 Ke6 46. Rg1 Rf5 47. Rb2 Rf8
48. Bd2 Kf5 49. Bc1 Be6 50. Rb4 Rd5 51. e4+ fxe3 52. Bxe3 Rfd8 53. Rd1 R5d7 54.
f4 a5 55. Rbb1 exf4 56. Rf1 Rxd3 57. Bxf4 Kg4 58. Bd6 R3xd6 59. Rg1+ Kh4 60.
Rh1+ Kxg5 61. Rbg1+ Kf6 62. cxd6 Rxd6 63. Kc3 g5 64. Rg3 b5 65. Re1 c5 66. Rf3+
Bf5 1-0

[Event "17. European Women's Championship 2016"]
[Site "Mamaia ROU"]
[Date "2016.05.31"]
[Round "5.11"]
[White "Arakhamia-Grant, Ketevan"]
[Black "Kursova, Maria"]
[Result "1-0"]
[WhiteElo "2364"]
[BlackElo "2319"]
[PlyCount "76"]
[EventDate "2016.05.27"]
[EventType "swiss"]
[EventRounds "11"]
[EventCountry "ROU"]
[Source "lmi"]
[SourceDate "2016.05.26"]

1. e4 c5 2. Nf3 Nc6 3. d4 cxd4 4. Nxd4 e5 5. Nb5 d6 6. c4 Be7 7. N1c3 a6 8. Na3
Be6 9. Be2 Bg5 10. Nc2 Bxc1 11. Rxc1 Nf6 12. O-O O-O 13. Kh1 Rc8 14. Qd2 Qb6
15. b3 Rcd8 16. Rcd1 Rfe8 17. b4 Rd7 18. a3 Rc8 19. Ne3 Nd4 20. f4 Nxe2 21.
Qxe2 Qc6 22. Ncd5 Nxe4 23. Qf3 Nf6 24. fxe5 Ne8 25. exd6 Nxd6 26. c5 Nc4 27.
Qf4 Nxe3 28. Nxe3 Rcd8 29. Rxd7 Qxd7 30. h3 Qc6 31. Ng4 h6 32. Ne5 Qc7 33. Qe3
Qc8 34. Re1 Qc7 35. Nd3 Qd7 36. Nf4 Bf5 37. Qe5 Bg6 38. Kh2 Kf8 1-0

[Event "17. European Women's Championship 2016"]
[Site "Mamaia ROU"]
[Date "2016.05.31"]
[Round "5.12"]
[White "Mammadzada, Gunay"]
[Black "Arabidze, Meri"]
[Result "1/2-1/2"]
[WhiteElo "2318"]
[BlackElo "2363"]
[PlyCount "98"]
[EventDate "2016.05.27"]
[EventType "swiss"]
[EventRounds "11"]
[EventCountry "ROU"]
[Source "lmi"]
[SourceDate "2016.05.26"]

1. e4 e5 2. Nf3 Nc6 3. Bb5 a6 4. Ba4 Nf6 5. O-O Be7 6. Re1 b5 7. Bb3 O-O 8. d4
d6 9. c3 Bg4 10. Be3 exd4 11. cxd4 Na5 12. Bc2 Nc4 13. Bc1 c5 14. b3 Nb6 15.
Nbd2 Rc8 16. Bb2 cxd4 17. Qb1 Nh5 18. Nxd4 Nf4 19. g3 Ng6 20. Nf1 Bf6 21. Ne3
Bh3 22. f4 Bd7 23. Qd1 Re8 24. Qd2 Ne7 25. Rad1 Nc6 26. Bb1 Nxd4 27. Bxd4 Bxd4
28. Qxd4 Rc6 29. Qb4 Qc7 30. Rd4 Rc1 31. Red1 Rxd1+ 32. Rxd1 Qc5 33. Qxc5 dxc5
34. Nd5 Bg4 35. Rd2 Nxd5 36. Rxd5 Rc8 37. f5 f6 38. Kf2 c4 39. Bc2 Kf8 40. Ke3
Bh5 41. bxc4 Bf7 42. Rd6 a5 43. a4 Bxc4 44. axb5 Bxb5 45. Rb6 Rxc2 46. Rxb5
Rxh2 47. Rxa5 Rg2 48. Ra8+ Kf7 49. Ra7+ Kf8 1/2-1/2

[Event "17. European Women's Championship 2016"]
[Site "Mamaia ROU"]
[Date "2016.05.31"]
[Round "5.13"]
[White "Javakhishvili, Lela"]
[Black "Mamedjarova, Zeinab"]
[Result "1-0"]
[WhiteElo "2493"]
[BlackElo "2236"]
[PlyCount "91"]
[EventDate "2016.05.27"]
[EventType "swiss"]
[EventRounds "11"]
[EventCountry "ROU"]
[Source "lmi"]
[SourceDate "2016.05.26"]

1. d4 Nf6 2. c4 e6 3. Nc3 d5 4. cxd5 exd5 5. Bg5 Be7 6. e3 h6 7. Bh4 O-O 8. Bd3
Re8 9. Nf3 c6 10. Bg3 Bf8 11. Qc2 Nbd7 12. h3 Qe7 13. Nd2 Qe6 14. Bf5 Qe7 15.
O-O g6 16. Bd3 Bg7 17. Rfe1 Nh5 18. Bh2 f5 19. Rab1 Nhf6 20. f3 Bf8 21. b4 a6
22. Kh1 Kg7 23. Re2 a5 24. b5 c5 25. e4 dxe4 26. fxe4 Qd8 27. e5 Nh7 28. d5 Nb6
29. Bc4 Qh4 30. Na4 Nxa4 31. Qxa4 b6 32. Nf3 Qh5 33. e6 Bb7 34. Rbe1 Be7 35.
Ne5 Qh4 36. Qb3 a4 37. Qc3 Bf6 38. Qc2 Ng5 39. Nc6 Ne4 40. Rxe4 fxe4 41. Rxe4
Qh5 42. d6 Qf5 43. Qe2 g5 44. d7 Rh8 45. g4 Qg6 46. e7 1-0

[Event "17. European Women's Championship 2016"]
[Site "Mamaia ROU"]
[Date "2016.05.31"]
[Round "5.14"]
[White "Kazimova, Narmin"]
[Black "Pogonina, Natalija"]
[Result "0-1"]
[WhiteElo "2364"]
[BlackElo "2490"]
[PlyCount "116"]
[EventDate "2016.05.27"]
[EventType "swiss"]
[EventRounds "11"]
[EventCountry "ROU"]
[Source "lmi"]
[SourceDate "2016.05.26"]

1. d4 Nf6 2. c4 e6 3. Nc3 Bb4 4. Nf3 b6 5. Bg5 Bb7 6. e3 h6 7. Bh4 g5 8. Bg3
Ne4 9. Qc2 d6 10. Bd3 Bxc3+ 11. bxc3 Nxg3 12. hxg3 g4 13. Nh4 Nc6 14. Be4 Qe7
15. O-O O-O-O 16. Rfb1 Rhg8 17. Qa4 Nb8 18. Bd3 Rg5 19. Qc2 Nc6 20. Rb2 Qd7 21.
Rab1 Kb8 22. Qe2 Na5 23. e4 Ba6 24. Rd1 Qc8 25. Rbd2 c5 26. d5 Qc7 27. Kh2 Rdg8
28. Rf1 Qe7 29. f4 gxf3 30. Rxf3 exd5 31. cxd5 c4 32. Bc2 Bc8 33. Qf2 f6 34.
Rd4 Qe5 35. Ba4 Rg4 36. Nf5 Bxf5 37. exf5 Rxd4 38. cxd4 Qxd5 39. Qe3 Rc8 40.
Bd7 Rc7 41. Be6 Qb5 42. Qf4 Nb7 43. Qxh6 a5 44. Qc1 Rh7+ 45. Kg1 d5 46. g4 Rg7
47. Qf4+ Ka7 48. Rh3 Qc6 49. Qf3 Qd6 50. a4 Rc7 51. Qc3 Nd8 52. Re3 Re7 53. Bg8
Rg7 54. Re8 Rxg4 55. Qe3 Rg7 56. Qf3 Qd7 57. Qe2 c3 58. Re3 c2 0-1

[Event "17. European Women's Championship 2016"]
[Site "Mamaia ROU"]
[Date "2016.05.31"]
[Round "5.15"]
[White "Zimina, Olga"]
[Black "Batsiashvili, Nino"]
[Result "1-0"]
[WhiteElo "2361"]
[BlackElo "2476"]
[PlyCount "131"]
[EventDate "2016.05.27"]
[EventType "swiss"]
[EventRounds "11"]
[EventCountry "ROU"]
[Source "lmi"]
[SourceDate "2016.05.26"]

1. Nf3 d5 2. g3 Nf6 3. Bg2 e6 4. O-O b5 5. d3 Be7 6. Nbd2 Bb7 7. e4 c5 8. Re1
Nc6 9. c3 O-O 10. e5 Ne8 11. Nf1 d4 12. c4 bxc4 13. dxc4 Qd7 14. Bf4 Rd8 15. h4
d3 16. Qd2 f5 17. Red1 Nb4 18. Ne1 Bxg2 19. Kxg2 Qb7+ 20. f3 Rd4 21. b3 Nc7 22.
Be3 Rd7 23. Qf2 Rfd8 24. Rd2 Nc6 25. Bxc5 Nxe5 26. Bxe7 Rxe7 27. Qc5 Nc6 28.
Rxd3 Rxd3 29. Nxd3 e5 30. Ne3 Rd7 31. Nd5 e4 32. fxe4 fxe4 33. N3f4 Nxd5 34.
Nxd5 Ne7 35. Rf1 h6 36. Nxe7+ Rxe7 37. Qd5+ Qxd5 38. cxd5 Re5 39. Rd1 Kf7 40.
Kf2 Rf5+ 41. Ke3 Rf3+ 42. Kxe4 Rxg3 43. Rc1 Ke7 44. Rc7+ Kd6 45. Rc6+ Kd7 46.
Ra6 Kc7 47. Rxa7+ Kb6 48. d6 Rg1 49. Ra4 Kc6 50. Rd4 Kd7 51. Kf5 g5 52. hxg5
Rxg5+ 53. Kf4 Rg1 54. a4 h5 55. Kf5 Rg2 56. b4 Rg1 57. a5 Rg2 58. a6 Ra2 59. b5
Ra5 60. Rd5 Ra4 61. Ke5 h4 62. Rc5 h3 63. Rc7+ Kd8 64. Rh7 Ra3 65. Kd5 Kc8 66.
Ke4 1-0

[Event "17. European Women's Championship 2016"]
[Site "Mamaia ROU"]
[Date "2016.05.31"]
[Round "5.17"]
[White "Matnadze, Ana"]
[Black "Girya, Olga"]
[Result "1-0"]
[WhiteElo "2332"]
[BlackElo "2443"]
[PlyCount "77"]
[EventDate "2016.05.27"]
[EventType "swiss"]
[EventRounds "11"]
[EventCountry "ROU"]
[Source "lmi"]
[SourceDate "2016.05.26"]

1. d4 d5 2. Nf3 Nf6 3. c4 c6 4. e3 Bg4 5. Nbd2 e6 6. Qc2 Bf5 7. Bd3 Bxd3 8.
Qxd3 Nbd7 9. O-O Be7 10. b3 a5 11. Bb2 a4 12. c5 O-O 13. b4 b6 14. a3 b5 15.
Ne5 Nxe5 16. dxe5 Nd7 17. f4 f6 18. Nf3 fxe5 19. fxe5 Qe8 20. g4 Rf7 21. e4
Bxc5+ 22. Kh1 Be7 23. exd5 cxd5 24. Qxb5 Rf4 25. Qc6 Nf8 26. Nd4 Rxg4 27. Rac1
Rg6 28. Qxe8 Rxe8 29. Rc7 Bg5 30. b5 Bd2 31. Nc6 Be3 32. Re7 Ra8 33. Bd4 Bxd4
34. Nxd4 Rg4 35. Nc6 Ng6 36. b6 Nxe7 37. b7 Re8 38. Nxe7+ Kh8 39. Nc8 1-0

[Event "17. European Women's Championship 2016"]
[Site "Mamaia ROU"]
[Date "2016.05.31"]
[Round "5.18"]
[White "Nechaeva, Marina"]
[Black "Ovod, Evgenija"]
[Result "1/2-1/2"]
[WhiteElo "2416"]
[BlackElo "2329"]
[PlyCount "157"]
[EventDate "2016.05.27"]
[EventType "swiss"]
[EventRounds "11"]
[EventCountry "ROU"]
[Source "lmi"]
[SourceDate "2016.05.26"]

1. d4 e6 2. c4 Bb4+ 3. Bd2 Bxd2+ 4. Qxd2 d5 5. Nc3 Nf6 6. e3 O-O 7. Nf3 Qe7 8.
Rc1 dxc4 9. Bxc4 c5 10. O-O Nc6 11. Ne5 Bd7 12. Nxd7 Qxd7 13. d5 Rad8 14. Rfd1
Ne5 15. Qe2 Nxc4 16. Qxc4 b6 17. dxe6 Qxe6 18. Qxe6 fxe6 19. h3 Nd5 20. Ne4 h6
21. a3 Kf7 22. Kf1 e5 23. Ke2 Ke6 24. g3 Nf6 25. Nxf6 Rxd1 26. Rxd1 gxf6 27. e4
c4 28. Rd5 f5 29. f4 exf4 30. gxf4 fxe4 31. Re5+ Kf6 32. Rxe4 Rg8 33. Kf3 Rc8
34. Kg4 c3 35. bxc3 Rxc3 36. f5 h5+ 37. Kf4 Rxh3 38. Re6+ Kf7 39. Rh6 Rxa3 40.
Rxh5 Ra1 41. Rh6 b5 42. Ke5 Re1+ 43. Kd5 a5 44. Rb6 b4 45. Kc4 Re4+ 46. Kb3
Re3+ 47. Kb2 Re5 48. f6 Re6 49. Rb5 Ra6 50. Rf5 a4 51. Rb5 b3 52. Ka3 Kxf6 53.
Rh5 Ra8 54. Rb5 Ke6 55. Rh5 Rc8 56. Rh4 Rb8 57. Rh1 Kd5 58. Rh5+ Kc6 59. Rh6+
Kb5 60. Rh5+ Kc4 61. Rh4+ Kd3 62. Rh3+ Ke2 63. Rh2+ Kf3 64. Rb2 Ra8 65. Rb1 Ra6
66. Rh1 Kf2 67. Rh2+ Kg3 68. Rb2 Kf3 69. Rh2 Ra7 70. Rh1 Kg2 71. Rb1 Ra6 72.
Rb2+ Kg3 73. Rb1 Kf2 74. Rh1 Ke3 75. Rh3+ Kf4 76. Rh4+ Kf3 77. Rh1 Kf4 78. Rh4+
Ke3 79. Rh3+ 1/2-1/2

[Event "17. European Women's Championship 2016"]
[Site "Mamaia ROU"]
[Date "2016.05.31"]
[Round "5.19"]
[White "Babiy, Olga"]
[Black "Szczepkowska-Horowska, Karina"]
[Result "1/2-1/2"]
[WhiteElo "2337"]
[BlackElo "2411"]
[PlyCount "72"]
[EventDate "2016.05.27"]
[EventType "swiss"]
[EventRounds "11"]
[EventCountry "ROU"]
[Source "lmi"]
[SourceDate "2016.05.26"]

1. e4 e5 2. Nf3 Nc6 3. Bb5 a6 4. Ba4 Nf6 5. O-O Be7 6. Re1 b5 7. Bb3 d6 8. c3
O-O 9. h3 Bb7 10. d4 Nd7 11. Nbd2 exd4 12. cxd4 Bf6 13. Nf1 Na5 14. Bc2 Re8 15.
Ng3 g6 16. Bd2 Nc4 17. Bc3 c5 18. b3 Na3 19. Bd3 b4 20. Bb2 Nb5 21. Qd2 Nc3 22.
Bxc3 bxc3 23. Qxc3 cxd4 24. Qd2 Nc5 25. Rad1 Rc8 26. Bb1 Ne6 27. Ne2 Nc5 28.
Ng3 Ne6 29. Ne2 Qb6 30. Nfxd4 Nxd4 31. Nxd4 d5 32. e5 Bxe5 33. Nf3 Bg7 34.
Rxe8+ Rxe8 35. Bd3 d4 36. Qf4 Qf6 1/2-1/2

[Event "17. European Women's Championship 2016"]
[Site "Mamaia ROU"]
[Date "2016.05.31"]
[Round "5.21"]
[White "Ziaziulkina, Nastassia"]
[Black "Hoolt, Sarah"]
[Result "1/2-1/2"]
[WhiteElo "2396"]
[BlackElo "2312"]
[PlyCount "47"]
[EventDate "2016.05.27"]
[EventType "swiss"]
[EventRounds "11"]
[EventCountry "ROU"]
[Source "lmi"]
[SourceDate "2016.05.26"]

1. e4 e6 2. d4 d5 3. Nc3 Nf6 4. Bg5 dxe4 5. Nxe4 Be7 6. Bxf6 Bxf6 7. Nf3 Nd7 8.
Bd3 O-O 9. Qe2 c5 10. Nxf6+ Nxf6 11. dxc5 Qa5+ 12. c3 Qxc5 13. O-O b6 14. Qe5
Qxe5 15. Nxe5 Bb7 16. Rfd1 Rfd8 17. Bb5 Kf8 18. Bc6 Bxc6 19. Nxc6 Rd5 20. Nb4
Rxd1+ 21. Rxd1 Rc8 22. f3 Ke7 23. Kf2 Nd7 24. Nd3 1/2-1/2

[Event "17. European Women's Championship 2016"]
[Site "Mamaia ROU"]
[Date "2016.05.31"]
[Round "5.22"]
[White "Zaksaite, Salomeja"]
[Black "Daulyte, Deimante"]
[Result "0-1"]
[WhiteElo "2312"]
[BlackElo "2392"]
[PlyCount "146"]
[EventDate "2016.05.27"]
[EventType "swiss"]
[EventRounds "11"]
[EventCountry "ROU"]
[Source "lmi"]
[SourceDate "2016.05.26"]

1. e4 c5 2. Nf3 Nc6 3. Bb5 g6 4. O-O Bg7 5. Re1 Nf6 6. e5 Nd5 7. Nc3 Nc7 8.
Bxc6 dxc6 9. Ne4 b6 10. Nf6+ Kf8 11. Ne4 Bg4 12. d3 Ne6 13. Ned2 g5 14. h3 Bh5
15. Nf1 h6 16. Ng3 Bg6 17. h4 c4 18. dxc4 Qxd1 19. Rxd1 Bxc2 20. Re1 g4 21. Nh2
h5 22. f3 Rd8 23. fxg4 hxg4 24. h5 Rd1 25. Rxd1 Bxd1 26. Bh6 Bxh6 27. Rxd1 Be3+
28. Kf1 Bf4 29. Kf2 Bxe5 30. Nxg4 Bxg3+ 31. Kxg3 Rxh5 32. Rd7 f5 33. Nf2 Rg5+
34. Kf3 Ke8 35. Rd2 c5 36. g4 fxg4+ 37. Nxg4 Rf5+ 38. Ke3 Ng5 39. Rg2 Nf7 40.
Nf2 Nd6 41. b3 Re5+ 42. Kd3 Kd7 43. Rh2 Re1 44. Ng4 Nf5 45. Rf2 e6 46. Nf6+ Kd6
47. Ne4+ Ke5 48. Nc3 Nd6 49. Rf8 Rh1 50. Ra8 Rh3+ 51. Kd2 Rh7 52. Kd3 Rd7 53.
Kc2 Kd4 54. Rh8 Nf5 55. Re8 Ke5 56. Rh8 Ne3+ 57. Kc1 Rd3 58. Rh5+ Kf4 59. Nb5
e5 60. Nxa7 Rd1+ 61. Kb2 Rd2+ 62. Kb1 Rd6 63. Nb5 Rd1+ 64. Kb2 Rd2+ 65. Kb1 e4
66. Rh6 Nd1 67. Rxb6 e3 68. Kc1 Nf2 69. Nc3 Nd3+ 70. Kb1 Rb2+ 71. Ka1 Rc2 72.
Nd5+ Ke5 73. Kb1 Rc1# 0-1

[Event "17. European Women's Championship 2016"]
[Site "Mamaia ROU"]
[Date "2016.05.31"]
[Round "5.23"]
[White "Lomineishvili, Maia"]
[Black "Tomilova, Elena"]
[Result "1-0"]
[WhiteElo "2367"]
[BlackElo "2305"]
[PlyCount "103"]
[EventDate "2016.05.27"]
[EventType "swiss"]
[EventRounds "11"]
[EventCountry "ROU"]
[Source "lmi"]
[SourceDate "2016.05.26"]

1. d4 d5 2. c4 c6 3. cxd5 cxd5 4. Nc3 Nf6 5. Bf4 Nc6 6. e3 Bf5 7. Qb3 Na5 8.
Qa4+ Bd7 9. Qc2 Rc8 10. Bd3 e6 11. Nf3 Be7 12. O-O O-O 13. Rfc1 b5 14. Qe2 a6
15. Ne5 Nc4 16. a4 Na5 17. axb5 Nb3 18. bxa6 Nxc1 19. Rxc1 Qa5 20. Bg5 Bc6 21.
Ng4 Qd8 22. Bxf6 Bxf6 23. b4 Be7 24. Qb2 f6 25. b5 h5 26. bxc6 Rxc6 27. Bb5 Rc7
28. Nxf6+ gxf6 29. Ra1 Qb8 30. Ne2 Bd6 31. Nf4 Bxf4 32. exf4 Qb6 33. g3 Rb8 34.
Qe2 Kg7 35. Ra4 Ra7 36. Bd3 Qb3 37. Ra5 Rb6 38. Rc5 Rb8 39. Bc2 Qb2 40. Qxh5 f5
41. Rc6 Qc1+ 42. Kg2 Rb1 43. Qe2 Qh1+ 44. Kh3 Re1 45. Qh5 Qf1+ 46. Kh4 Qe2 47.
Qg5+ Kf7 48. Bxf5 exf5 49. Qf6+ Kg8 50. Qg6+ Kf8 51. Rf6+ Ke7 52. Qg7+ 1-0

[Event "17. European Women's Championship 2016"]
[Site "Mamaia ROU"]
[Date "2016.05.31"]
[Round "5.24"]
[White "Zawadzka, Jolanta"]
[Black "Sandu, Mihaela"]
[Result "1-0"]
[WhiteElo "2442"]
[BlackElo "2246"]
[PlyCount "75"]
[EventDate "2016.05.27"]
[EventType "swiss"]
[EventRounds "11"]
[EventCountry "ROU"]
[Source "lmi"]
[SourceDate "2016.05.26"]

1. e4 c5 2. Nf3 e6 3. d4 cxd4 4. Nxd4 a6 5. Nc3 b5 6. Bd3 Qb6 7. Nb3 Qc7 8. Qe2
Bb7 9. O-O Nf6 10. e5 b4 11. Nd1 Nd5 12. f4 a5 13. Kh1 f5 14. exf6 Nxf6 15. f5
e5 16. Re1 Nc6 17. Bb5 Bd6 18. Bg5 O-O 19. Ne3 a4 20. Bxf6 gxf6 21. Bc4+ Kh8
22. Nd5 Qd8 23. Nd2 Nd4 24. Qd3 Ra5 25. c3 Bxd5 26. cxd4 Qa8 27. Bxd5 Rxd5 28.
Nf3 exd4 29. Re4 Bc5 30. Rh4 Rg8 31. Re1 Re8 32. Rhe4 Rg8 33. Nh4 Bf8 34. Ng6+
hxg6 35. Qh3+ Kg7 36. Re7+ Bxe7 37. Rxe7+ Kf8 38. Qh7 1-0

[Event "17. European Women's Championship 2016"]
[Site "Mamaia ROU"]
[Date "2016.05.31"]
[Round "5.25"]
[White "Unuk, Laura"]
[Black "Peptan, Corina-Isabela"]
[Result "0-1"]
[WhiteElo "2246"]
[BlackElo "2402"]
[PlyCount "78"]
[EventDate "2016.05.27"]
[EventType "swiss"]
[EventRounds "11"]
[EventCountry "ROU"]
[Source "lmi"]
[SourceDate "2016.05.26"]

1. d4 Nf6 2. c4 e6 3. Nf3 d5 4. g3 c6 5. Bg2 Bb4+ 6. Bd2 Bd6 7. Nc3 Nbd7 8. Qc2
dxc4 9. e4 e5 10. dxe5 Nxe5 11. Nxe5 Bxe5 12. O-O-O Ng4 13. Be1 Qe7 14. h3 Bxc3
15. Bxc3 Ne5 16. Bf1 O-O 17. f4 Nd7 18. Bxc4 b5 19. Be2 b4 20. Bd4 c5 21. Bf2
Bb7 22. Rhe1 Rfd8 23. e5 Nb6 24. Bxc5 Qe6 25. Kb1 Bd5 26. b3 Qxh3 27. Bxb4 Qxg3
28. Bd3 h6 29. Rg1 Qxf4 30. Bd2 Qh4 31. Bf5 Rac8 32. Bc3 Be6 33. Rdf1 Nd5 34.
Be1 Qh5 35. Bxe6 fxe6 36. Qd2 Nc3+ 37. Qxc3 Rd1+ 38. Kb2 Qe2+ 39. Bd2 Rxd2+ 0-1

[Event "17. European Women's Championship 2016"]
[Site "Mamaia ROU"]
[Date "2016.05.31"]
[Round "5.26"]
[White "Abdulla, Khayala"]
[Black "Papp, Petra"]
[Result "1-0"]
[WhiteElo "2209"]
[BlackElo "2342"]
[PlyCount "77"]
[EventDate "2016.05.27"]
[EventType "swiss"]
[EventRounds "11"]
[EventCountry "ROU"]
[Source "lmi"]
[SourceDate "2016.05.26"]

1. e4 e5 2. Nf3 Nc6 3. Bb5 a6 4. Ba4 Nf6 5. d3 d6 6. c3 g6 7. O-O Bg7 8. Re1
O-O 9. Nbd2 b5 10. Bc2 Bb7 11. a4 Nb8 12. b4 Nbd7 13. Nb3 Rb8 14. axb5 axb5 15.
d4 c6 16. dxe5 dxe5 17. Ra7 Qc7 18. Na5 Rfe8 19. Be3 Ng4 20. Bb3 Nxe3 21. Rxe3
h6 22. Rd3 Nf6 23. Rd6 Qc8 24. Bxf7+ Kxf7 25. Rxc6 Qd8 26. Qb3+ Kf8 27. Nh4 Bh8
28. Nxb7 Qd7 29. Nxg6+ Kg7 30. Rd6 Qc7 31. Nxh8 Nxe4 32. Rg6+ Kxh8 33. Rxh6+
Kg7 34. Raa6 Qc4 35. Rag6+ Kf8 36. Qxc4 bxc4 37. Nd6 Red8 38. Rh8+ Ke7 39. Rh7+
1-0

[Event "17. European Women's Championship 2016"]
[Site "Mamaia ROU"]
[Date "2016.05.31"]
[Round "5.27"]
[White "Cosma, Elena-Luminita"]
[Black "Rakhmangulova, Anastasiya"]
[Result "1-0"]
[WhiteElo "2333"]
[BlackElo "2245"]
[PlyCount "93"]
[EventDate "2016.05.27"]
[EventType "swiss"]
[EventRounds "11"]
[EventCountry "ROU"]
[Source "lmi"]
[SourceDate "2016.05.26"]

1. d4 c5 2. d5 Nf6 3. Nf3 d6 4. Nc3 g6 5. e4 Bg7 6. Be2 O-O 7. O-O Na6 8. Re1
Nc7 9. a4 b6 10. h3 a6 11. Bf4 Rb8 12. Bf1 Nd7 13. Qd2 b5 14. axb5 axb5 15. Bh6
b4 16. Bxg7 Kxg7 17. Nd1 f5 18. exf5 Rxf5 19. Ne3 Rxf3 20. gxf3 Ne5 21. Bg2
Bxh3 22. f4 Bxg2 23. Kxg2 Nd7 24. c4 bxc3 25. bxc3 Nf6 26. Ra7 Ra8 27. Rxa8
Qxa8 28. c4 e6 29. f3 exd5 30. Ng4 Nxg4 31. fxg4 dxc4+ 32. Kg1 Nd5 33. Qg2 c3
34. f5 Qa4 35. Qxd5 Qxg4+ 36. Kf1 Qxf5+ 37. Qxf5 gxf5 38. Ke2 d5 39. Kd3 d4 40.
Re5 Kf6 41. Rxc5 Kg5 42. Kxd4 Kf4 43. Kxc3 h5 44. Kd2 h4 45. Ke2 Kg3 46. Rxf5
h3 47. Kf1 1-0

[Event "17. European Women's Championship 2016"]
[Site "Mamaia ROU"]
[Date "2016.05.31"]
[Round "5.28"]
[White "Nikolova, Adriana"]
[Black "Balaian, Alina"]
[Result "1-0"]
[WhiteElo "2331"]
[BlackElo "2230"]
[PlyCount "115"]
[EventDate "2016.05.27"]
[EventType "swiss"]
[EventRounds "11"]
[EventCountry "ROU"]
[Source "lmi"]
[SourceDate "2016.05.26"]

1. e4 e6 2. d4 d5 3. Nd2 Nf6 4. e5 Nfd7 5. c3 c5 6. f4 Nc6 7. Ndf3 Qb6 8. a3
cxd4 9. cxd4 Na5 10. Ne2 Qb3 11. Qd2 Nc4 12. Qc3 Qxc3+ 13. Nxc3 Be7 14. Bxc4
dxc4 15. d5 exd5 16. Nxd5 Bd8 17. a4 Nc5 18. Ne3 Nd3+ 19. Kf1 Nxf4 20. Nxc4 Nd3
21. Nd6+ Kf8 22. Ke2 Nb4 23. Bg5 Be7 24. Rhd1 Bxg5 25. Nxg5 Bg4+ 26. Nf3 Nc6
27. Rd5 Ke7 28. Rad1 Rhd8 29. Rc5 Rd7 30. Rd2 Rad8 31. Ke3 f6 32. exf6+ gxf6
33. Nf5+ Bxf5 34. Rxf5 Rxd2 35. Nxd2 Ke6 36. Rh5 Rd7 37. Ne4 Re7 38. Kf4 Ne5
39. Nxf6 Ng6+ 40. Kg5 Nf8 41. Ng4 Rd7 42. Rh6+ Ng6 43. Nf6 Rd2 44. g3 Ke5 45.
Rxh7 Nf8 46. Re7+ Kd6 47. Ne4+ Kxe7 48. Nxd2 Kf7 49. h4 b6 50. g4 Kg7 51. Kf5
Nd7 52. Ne4 a6 53. g5 b5 54. axb5 axb5 55. h5 b4 56. h6+ Kf8 57. g6 b3 58. Nf6
1-0

[Event "17. European Women's Championship 2016"]
[Site "Mamaia ROU"]
[Date "2016.05.31"]
[Round "5.30"]
[White "Zherebtsova, Alexandra"]
[Black "Kiolbasa, Oliwia"]
[Result "0-1"]
[WhiteElo "2200"]
[BlackElo "2319"]
[PlyCount "109"]
[EventDate "2016.05.27"]
[EventType "swiss"]
[EventRounds "11"]
[EventCountry "ROU"]
[Source "lmi"]
[SourceDate "2016.05.26"]

1. d4 d5 2. Nf3 Nf6 3. c4 c6 4. e3 g6 5. Nc3 Bg7 6. Bd3 O-O 7. O-O dxc4 8. Bxc4
Nbd7 9. a4 Nb6 10. Bb3 Nbd5 11. Re1 c5 12. Nxd5 Nxd5 13. dxc5 Nc7 14. Qc2 Be6
15. Ra3 Qd7 16. Bxe6 Nxe6 17. Nd4 Nxd4 18. exd4 Qxd4 19. Be3 Qb4 20. Rd1 Rad8
21. Rb1 Rd7 22. h3 a5 23. Qb3 Qe4 24. Rf1 Rfd8 25. Qb6 Qc2 26. Rb3 Be5 27. f4
Bd4 28. Bxd4 Rxd4 29. Qxb7 Qxc5 30. Rb5 Qc4 31. Qf3 Rd3 32. b3 Qxb5 33. axb5
Rxf3 34. Rxf3 Rb8 35. Re3 Rxb5 36. Rxe7 Rxb3 37. Ra7 Ra3 38. Kf2 h5 39. g3 Kg7
40. Ra6 Ra2+ 41. Kf3 Ra3+ 42. Kg2 Ra1 43. Kf2 Ra2+ 44. Kf3 a4 45. Ke3 a3 46.
Kf3 Kf8 47. Ra7 Ke8 48. Ke3 h4 49. gxh4 Ra1 50. Kf2 a2 51. Kg2 f5 52. Kh2 Kd8
53. Kg2 Kc8 54. Kh2 Kb8 55. Kg2 0-1

[Event "17. European Women's Championship 2016"]
[Site "Mamaia ROU"]
[Date "2016.05.31"]
[Round "5.31"]
[White "Pustovoitova, Daria"]
[Black "Stetsko, Lanita"]
[Result "1-0"]
[WhiteElo "2304"]
[BlackElo "2220"]
[PlyCount "79"]
[EventDate "2016.05.27"]
[EventType "swiss"]
[EventRounds "11"]
[EventCountry "ROU"]
[Source "lmi"]
[SourceDate "2016.05.26"]

1. d4 Nf6 2. c4 e6 3. Nf3 d5 4. g3 dxc4 5. Bg2 Nc6 6. Qa4 Bb4+ 7. Bd2 Nd5 8.
Bxb4 Ndxb4 9. O-O Rb8 10. Nc3 a6 11. Ne5 O-O 12. Nxc6 Nxc6 13. Bxc6 bxc6 14.
Qxc4 Rxb2 15. e3 Qd6 16. Rab1 Rxb1 17. Rxb1 e5 18. dxe5 Qxe5 19. Qxc6 Bd7 20.
Qxd7 Qxc3 21. Qa4 h6 22. Qxa6 Rd8 23. Qb5 Qc2 24. Qb3 Qe2 25. Qa4 g6 26. Kg2 c5
27. Rc1 Rd2 28. Qe8+ Kg7 29. Qe5+ Kg8 30. Qb8+ Kg7 31. Qf4 Qh5 32. a4 Qd5+ 33.
e4 Qd4 34. Rxc5 Qxc5 35. Qxd2 Qc4 36. Qb2+ Kh7 37. Qb7 Kg7 38. a5 h5 39. h3 h4
40. g4 1-0